00333nam a2200109Ia 4500008004100000082002000041100002500061245003100086260004000117630001800157650004800175211109s9999||||xx |||||||||||||| ||und|| a894.8121bPAD-K aPadmanabhan Nair K,  0aKasthooriman Current Books bNational Book StallaKottayamc1967 xGeneral Stack aMalayalam LiteraturevLiteraturexGeneralia